Searching for the Common Good : (Registro nro. 24399)
[ vista simple ]
| 000 -LEADER | |
|---|---|
| fixed length control field | 01325nam a2200349 i 4500 |
| 001 - CONTROL NUMBER | |
| control field | 24399 |
| 003 - CONTROL NUMBER IDENTIFIER | |
| control field | Mx-PuUPA |
| 005 - DATE AND TIME OF LATEST TRANSACTION | |
| control field | 20250623165557.0 |
| 008 - FIXED-LENGTH DATA ELEMENTS--GENERAL INFORMATION | |
| fixed length control field | 140415s2018 gera gr 001 0 eng d |
| 020 ## - INTERNATIONAL STANDARD BOOK NUMBER | |
| International Standard Book Number | 9783290220471 |
| 040 ## - CATALOGING SOURCE | |
| Original cataloging agency | Mx-PuUPA |
| Language of cataloging | spa |
| Transcribing agency | Mx-PuUPA |
| Modifying agency | Mx-PuUPA |
| Description conventions | rda |
| 041 0# - LANGUAGE CODE | |
| Language code of text/sound track or separate title | eng |
| 245 10 - TITLE STATEMENT | |
| Title | Searching for the Common Good : |
| Remainder of title | Philosophical, theological and economic approaches / |
| Statement of responsibility, etc. | Mathias Nebel, Thierry Collaud, editores |
| 250 ## - EDITION STATEMENT | |
| Edition statement | 1st edition |
| 264 #1 - PRODUCTION, PUBLICATION, DISTRIBUTION, MANUFACTURE, AND COPYRIGHT NOTICE | |
| Place of production, publication, distribution, manufacture | Baden-Baden : |
| Name of producer, publisher, distributor, manufacturer | Nomos Verlag ; |
| -- | Pano Verlag, |
| Date of production, publication, distribution, manufacture, or copyright notice | 2018 |
| 300 ## - PHYSICAL DESCRIPTION | |
| Extent | 232 páginas : |
| Other physical details | ilustraciones ; |
| Dimensions | 23 cm |
| 336 ## - CONTENT TYPE | |
| Fuente | rdacontent |
| Content type term | texto |
| Content type code | txt |
| 337 ## - MEDIA TYPE | |
| Source | rdamedia |
| Media type term | sin medio |
| Media type code | n |
| 338 ## - CARRIER TYPE | |
| Source | rdacarrier |
| Carrier type term | volumen |
| Carrier type code | nc |
| 490 0# - SERIES STATEMENT | |
| Series statement | Religion - Wirtschaft - Politik ; |
| Volume/sequential designation | 19 |
| 650 #7 - SUBJECT ADDED ENTRY--TOPICAL TERM | |
| Source of heading or term | armarc |
| Topical term or geographic name entry element | Bien común |
| General subdivision | Aspectos económicos |
| Form subdivision | Congresos |
| 650 #7 - SUBJECT ADDED ENTRY--TOPICAL TERM | |
| Source of heading or term | armarc |
| Topical term or geographic name entry element | Bien común |
| General subdivision | Filosofía |
| Form subdivision | Congresos |
| 650 #7 - SUBJECT ADDED ENTRY--TOPICAL TERM | |
| Source of heading or term | armarc |
| Topical term or geographic name entry element | Bien común |
| General subdivision | Aspectos religiosos |
| Form subdivision | Congresos |
| 650 #7 - SUBJECT ADDED ENTRY--TOPICAL TERM | |
| Source of heading or term | armarc |
| Topical term or geographic name entry element | Ética social |
| 700 1# - ADDED ENTRY--PERSONAL NAME | |
| Personal name | Nebel, Mathias, |
| Relator term | editor |
| 9 (RLIN) | 10465 |
| 700 1# - ADDED ENTRY--PERSONAL NAME | |
| Personal name | Collaud, Thierry, |
| Relator term | editor |
| 942 ## - ADDED ENTRY ELEMENTS (KOHA) | |
| Source of classification or shelving scheme | Dewey Decimal Classification |
| Koha item type | Libro |
| Classification part | 111.82 |
| Item part | S43 |
| 260 ## - PUBLICATION, DISTRIBUTION, ETC. | |
| Place of publication, distribution, etc. | [s.l.] : |
| Name of publisher, distributor, etc. | ALFREDO MIGUEL COS SANCHEZ, |
| Date of publication, distribution, etc. | 1995. |
| Withdrawn status | Lost status | Source of classification or shelving scheme | Damaged status | Not for loan | Collection code | Home library | Current library | Shelving location | Date acquired | Source of acquisition | Cost, normal purchase price | Total Checkouts | Full call number | Barcode | Date last seen | Cost, replacement price | Price effective from | Koha item type |
|---|---|---|---|---|---|---|---|---|---|---|---|---|---|---|---|---|---|---|
| Dewey Decimal Classification | General | Biblioteca Karol Wojtyla | Biblioteca Karol Wojtyla | Sala general | 03/12/2024 | Donación | 0.00 | 111.82 S43 2018 | 45651 | 05/01/2026 | 0.00 | 03/12/2013 | Libro |